000 00715nam a22002295i 4500
001 178040
003 ES-MaACL
005 20250729062633.0
008 110516s1965 sp |||| | spa d
080 _a32(035)
100 1 _aXifra Heras, Jorge.
_9117505
245 1 0 _aIntroducción a la política /
_cJorge Xifra.
250 _a1ª ed.
260 _aBarcelona :
_bCredsa,
_c1965.
300 _a227 p. ;
_c18 cm.
490 1 _aPanoramas A-Z. La universidad en su mano ;
_v33
504 _aBibliografía: p. 217-219.
650 7 _aPolítica
_2embne
_9140345
830 0 _aPanoramas A-Z. La universidad en su mano ;
_v33
_9190680
852 _aES-MaACL
_jE-15084
_xOlim P-269-bis
999 _c178040
_d178040